| 000 | 01371cam a22003857a 4500 | ||
|---|---|---|---|
| 003 | CHAP | ||
| 005 | 20220329133806.0 | ||
| 008 | 971013s1984 r 00010 d | ||
| 010 | _a10969 | ||
| 011 | _a11941 | ||
| 035 | _a12944 | ||
| 040 | _cCHAP | ||
| 082 |
_a333.72 _bT65 |
||
| 100 | 0 | 0 |
_aToledo Ocampo, Alejandro. _9113628 |
| 245 | 0 |
_aCómo destruir el paraiso _b: el desastre ecológico del sureste |
|
| 260 |
_aMéxico, D. F. : _bOceano, _c1984 |
||
| 300 |
_a151 p. _b: ilus. ; mapas |
||
| 590 |
_aBATCH-UPD _b10 _c20130110 _lUCH01 _h0029 |
||
| 590 |
_aBATCH-UPD _b10 _c20130110 _lUCH01 _h1407 |
||
| 590 |
_aBATCH-UPD _b10 _c20130409 _lUCH01 _h2011 |
||
| 590 |
_aBATCH-UPD _b10 _c20130410 _lUCH01 _h0855 |
||
| 590 |
_aBATCH-UPD _b10 _c20130914 _lUCH01 _h1019 |
||
| 590 |
_aCONVERSION _b10 _c20130109 _lUCH01 _h1307 |
||
| 650 | 1 | 4 |
_aEcología. _935134 |
| 650 | 1 | 4 |
_aMedio ambiente _xContaminación. _974069 |
| 650 | 1 | 4 |
_aRecursos naturales _xMéxico. _995299 |
| 700 | 0 |
_aFerreira, Héctor. _940388 |
|
| 700 | 0 |
_aNúñez, Arturo. _981983 |
|
| 710 | 0 |
_aCentro de Ecodesarrollo, A. C. México. _921060 |
|
| 901 | _aBK | ||
| 942 | _cLIBRO | ||
| 949 |
_a574.5 T6 _bBC _cLIBRO _d33724000333001 _eLIBRO _fc.3 _h65150 _i12944 _si |
||
| 949 |
_a574.5 T6 _bBC _cLIBRO _d33724000333019 _eLIBRO _fc.2 _h65142 _i12944 _si |
||
| 949 |
_a574.5 T6 _bBC _cLIBRO _d33724000333027 _eLIBRO _h65148 _i12944 _si |
||
| 999 |
_c10969 _d10969 |
||